Tablas de equivalencia : circuitos lógicos serie 74 TTL y CMOS: diccionario en 6 idiomas
Wedi'i Gadw mewn:
| Prif Awdur: | |
|---|---|
| Fformat: | Llyfr |
| Iaith: | Undetermined |
| Cyhoeddwyd: |
México, Distrito Federal : Alfaomega,
c1995.
|
| Pynciau: | |
| Tagiau: |
Ychwanegu Tag
Dim Tagiau, Byddwch y cyntaf i dagio'r cofnod hwn!
|
MARC
| LEADER | 00000nam a2200000Ia 4500 | ||
|---|---|---|---|
| 003 | 000357 | ||
| 005 | 20221231144011.0 | ||
| 008 | 140114s9999 xx 000 0 und d | ||
| 040 | |c cru CEDI | ||
| 082 | |a R621.395.03 R845t | ||
| 100 | |a Roth, Andreas |9 19842 | ||
| 245 | |a Tablas de equivalencia : circuitos lógicos serie 74 TTL y CMOS: diccionario en 6 idiomas | ||
| 260 | |a México, Distrito Federal : Alfaomega, |c c1995. | ||
| 300 | |a iv, 430 páginas : ilustraciones | ||
| 650 | |x CIRCUITOS LOGICOS |x TABLAS, CALCULO, ETC. |x DICCIONARIOS POLIGLOTAS |x CIRCUITOS INTEGRADOS DIGITALES |9 19841 | ||
| 942 | |2 ddc |c BK | ||
| 999 | |c 15438 |d 15438 | ||
